000 00720nam0a22002411 4500
001 rc\363696
005 20250621052236.0
035 _a(NLR Aleph) 005594352
090 _a6245951
_c6245951
100 _a20030307d1989 |||y0rusy50 ca
101 0 _arus
102 _aRU
105 _ay |||||||||
200 1 _aЧем вреден и опасен аборт
210 _aСухуми
_cАлашара
_d1989
215 _a49, [1] с.
_d17
225 1 _aНаучно-популярная медицинская литература
700 1 _aСулухия
_bР.В.
_gРеваз Варламович
801 0 _aRU
_bNLR
_gpsbo
801 1 _aRU
_bELAR
_2rusmarc
852 _aNLR
_j89-2/1679
942 _cBOOK
980 _aNB